1956 1144 1794 1454 1473 1949 1221 1017 1608 1970 1166 1873 1938 1357 1880 1802 1542 1405 1116 1592 1068 1611 1015 1243 1615 1929 1646 1157 1967 1561 1151 1682 1309 1028 1948 1014 1159 1305 1254 1799 1761 1650 1528 1990 1321 1340 1914 1165 1110 1648 1813 1073 1288 1147 1927 1411 1673 1094 1867 1695 1635 1660 1058 1771 1019 1226 1082 1805 1677 1913 1899 1291 1385 1773 1469 1440 1504 1652 1926 1731 1843 1778 1255 1295 1536 1536 1532 1006 1212 1168 1248 1785 1709 1314 1860 1580 1001 1626 1941 BCNSPRNW ULIB Ver.6.0+V

เปลี่ยนเป็นภาษาไทย

Change to English
 แสดงรายละเอียดบรรณานุกรม
  กลับหน้าหลัก

Brief Record : Get Marc (ISO 2709) : E-mail record : QR code < ปิดหน้าต่าง
LEADER : 00000nam 2200000uu 4500
001    13399110135
003     ULIB
008    110422s2552||||th 000 0 tha d
024    9786160600359
090    นว^bม756a 2552
100 0  เมย์ 112
245 00 Aus-boyพิชิตรักร้ายล่าหัวใจยัยจอมดื้อ^cmay 112
260    กรุงเทพฯ:^bแจ่มใส,^c2552
300    173 หน้า
945    ^p139^l0^i029994
995    เกษร
999    ^aใช้งานได้ทุกระบบ
รายการนี้ยังไม่มีแท็ก
คุณยังไม่ได้ล็อกอิน คุณสามารถมีกิจกรรมร่วมกับเว็บไซต์ได้ แต่ต้องล็อกอินก่อน ::
  ล็อกอิน

รายการสื่อสารสนเทศ

ลำดับที่ ประเภท เลขเรียก/บาร์โค้ด สถานที่ สถานะ
1. วิทยาศาสตร์การแพทย์ และสุขภาพ
วิทยาศาสตร์การแพทย์ และสุขภาพ
นว ม756a 2552  
  Barcode: 029994
ห้องสมุดวิทยาเขตสวรรค์ประชารักษ์
►นวนิยาย
บนชั้น
  ขอยืม

รายการใกล้เคียง
    ผู้แต่ง [เมย์ 112]

BibComment


ยังไม่เคยถูกคอมเมนท์

คอมเมนท์ทรัพยากรรายการนี้
  คอมเมนท์: Ausboyพิชิตรักร้า..


 Copyright 2026. Bcnsprnw @Library